Lebensmittel mit "L" - Statistiken

Allgemein
  • Dieses Quiz wurde 251 mal gespielt
  • Das Durchschnittsergebnis liegt bei 14 aus 39
Antwortstatistiken
Lebensmittel % Korrekt
Leber
82%
Lachs
73%
Lakritze
68%
Lamm
64%
Lauch
61%
Lorbeerblatt
55%
Limette
51%
Limonade
51%
Leberwurst
50%
Lasagne
49%
Linsen
49%
Lutscher / Lolli
47%
Litschi
46%
Labskaus
45%
Leberkäse
45%
Lebertran
42%
Limone
42%
Leinsamen
38%
Linsensuppe
36%
Landbrot
33%
Laugenbrezel
31%
Liebstöckel
31%
Lebkuchen
30%
Leinöl
27%
Likör
25%
Leerdammer
22%
Languste
19%
Lendenbraten
19%
Linguine
18%
Lachsschinken
16%
Latte Macchiato
15%
Leberpastete
15%
Limburger
15%
Lángos
14%
Lindenblütentee
12%
Lyoner
11%
Leitungswasser
7%
Langkornreis
5%
Letscho
5%
Keine übereinstimmenden Quizze gefunden
Verteilung der Resultate
Anzahl Personen mit jedem Resultat
Perzentil nach korrekt beantworteten Fragen
Ihre Resultats-Entwicklung
Sie haben dieses Quiz noch nicht gespielt